🛫Les départements Français avec le moins de touristes - Statistiques

Statistiques générales
  • Ce quiz a Ă©tĂ© pris 101 fois
  • Le rĂ©sultat moyen est 12 sur 20
Statistiques - réponses
Touristes Départements % Correct
99 831 Creuse
87%
285 678 Cantal
74%
234 630 Lozère
73%
138 505 Meuse
70%
286 319 Indre
69%
170 519 Ardennes
63%
163 674 Territoire-de-Belfort
62%
133 679 Haute-SaĂ´ne
60%
242 905 Haute-Marne
59%
180 646 Mayenne
59%
161 257 Gers
57%
152 786 Ariège
56%
250 610 Charente
54%
266 914 Orne
54%
213 598 Haute-Loire
53%
201 896 Tarn-et-Garonne
53%
254 539 Lot-et-Garonne
49%
283 238 Ardèche
48%
261 788 Deux-Sèvres
43%
292 339 Alpes-de-Haute-Provence
33%
Aucun quiz correspondant
Distribution des résultats
% des personnes avec chaque résultat
Percentile par nombre de réponses
Votre historique - résultats
Vous n’avez pas pris ce quiz